• 首页
  • 本馆介绍
  • 公告通知
  • 最新文献
  • 馆藏检索
  • 电子资源
  • 读者导购
  • 参考咨询
  • 我的图书馆
  • 登录
  • 详细信息显示
  • 放入我的书架
  • 预约/预借图书
  • 作者相关作品
  • 分类相关作品
  • 丛书相关作品
  • 出版社相关作品

书目信息

  • 表格格式
  • 工作单格式
  • 卡片格式
题名:
中国语言文学系学生阅读书目
    
 
作者: ;南开大学中文系 编
分册:  
出版信息: 天津   南开大学出版社  1996.04
页数: 185页
开本: 19cm
丛书名:
单 册:
中图分类: Z836
科图分类:
主题词: 参考书目录
电子资源:
ISBN: 7-310-00909-6
000 00599nam0 2200193 45
001 0003141604
005 20070719193253.85
010    @a7-310-00909-6@dCNY9.50
100    @a20000314d1996 km y0chiy0120 ea
101 0  @achi
200 1  @a中国语言文学系学生阅读书目@AZhong Guo Yu Yan WenXue Xi Xue Sheng Yue Du Shu Mu@f南开大学中文系编@FNan Kai Da Xue Zhong Wen Xi Bian
205    @a2版@b修订本
210    @a天津@c南开大学出版社@d1996.04
215    @a185页@d19cm
606 0  @a参考书目录
690    @aZ836@v2
711 02 @a南开大学中文系@4编
801    @aCN@bTSTC@c20070719
905    @dZ836@e17=2@f1@b285993
    
    中国语言文学系学生阅读书目/南开大学中文系编.-2版,修订本.-天津:南开大学出版社,1996.04
    185页;19cm
    
    
    ISBN 7-310-00909-6:CNY9.50
    
●
相关链接 在E读中查询图书 在五车中查询图书 在当当中查询图书 在豆瓣中查询图书


正题名:中国语言文学系学生阅读书目     索取号:Z836/17=2         预约/预借

序号 登录号 条形码 馆藏地/架位号 状态 备注
1 0285993   002859936   密集书库/ [索取号:Z836/17=2] 在馆    
2 0285994   002859945   第三借阅区/ [索取号:Z836/17=2] 在馆    
3 0285995   002859954   密集书库/ [索取号:Z836/17=2] 在馆    
4 0285996   002859963   第二样本阅览室/ [索取号:Z836/17=2] 在馆    
5 0285997   001929131   密集书库/ [索取号:Z836/17=2] 在馆    
6 0767672   207676727   密集书库/ [索取号:Z836/17=2] 在馆    
唐山师范学院图书馆 欢迎您!
大连网信软件有限公司© 版权所有